000 01385na a2200421 4500
001 17807
003 MIRAKIL
005 20181213155122.0
008 161104b tu 000 0
035 _a17807
040 _aMilas
_btur
_cTR-AnCHP
041 _atur
082 _aCHP 324.2372
_bC36b 1939 Üye
090 _aCHP 324.2372 C36b 1939 Üye
111 _aCHP Olağan Kurultay
_cAnkara
_d29 Mayıs 1939
_n5.
222 _a5. Büyük Kurultay üyeleri
245 _aC.H.P. Büyük Kurultay azalarının isimeri
_bAnkara, 29 Mayıs 1939
_cCumhuriyet Halk Partisi
246 _aCHP Büyük Kurultay azalarının isimeri
246 _aCHP 5. Büyük Kurultayı
246 _a5. Kurultay
246 _a5. Büyük Kurultay
260 _aAnkara
_bCHP
_c1939
300 _a69 s.
_c24 sm.
490 _aCumhuriyet Halk Partisi yayınları
610 _aCumhuriyet Halk Partisi
_xÜyeler
_yKayıtlar
610 _aCumhuriyet Halk Partisi
_xKurultaylar
_y1939
651 _aTürkiye
_xSiyaset ve yönetim
_y1938-1945
657 _aCHP büyük kurultaylar
657 _aCHP kurultayları
657 _aCHP Olağan Kurultayları
740 _aCHP Büyük kurultay üyeleri
740 _aCHP 5. Büyük Kurultayı
740 _a5. Büyük Kurultay
740 _aCHP 5. Olağan Kurultayı
740 _a5. Kurultay
830 _aCHP yayınları
942 _2ddc
_cBKS
999 _c6879
_d6879